Bible promises for champions ; (Record no. 49476)
[ view plain ]
| 000 -LEADER | |
|---|---|
| fixed length control field | 00967cam a2200265 a 4500 |
| 001 - CONTROL NUMBER | |
| control field | 11850527 |
| 005 - DATE AND TIME OF LATEST TRANSACTION | |
| control field | 20210127095546.0 |
| 008 - FIXED-LENGTH DATA ELEMENTS--GENERAL INFORMATION | |
| fixed length control field | 991126s2000 tnua 000 0 eng |
| 010 ## - LIBRARY OF CONGRESS CONTROL NUMBER | |
| LC control number | 99059712 |
| 020 ## - INTERNATIONAL STANDARD BOOK NUMBER | |
| International Standard Book Number | 0805494138 (alk. paper) |
| 040 ## - CATALOGING SOURCE | |
| Original cataloging agency | DLC |
| Transcribing agency | DLC |
| Modifying agency | DLC |
| 100 1# - MAIN ENTRY--PERSONAL NAME | |
| Personal name | Wilde, Gary. |
| 245 10 - TITLE STATEMENT | |
| Title | Bible promises for champions ; |
| Remainder of title | inspirations for the young Christian athlete / |
| Statement of responsibility, etc | Gary Wilde. |
| 260 ## - PUBLICATION, DISTRIBUTION, ETC. (IMPRINT) | |
| Place of publication, distribution, etc | Nashville, TN : |
| Name of publisher, distributor, etc | Broadman & Holman Publishers, |
| Date of publication, distribution, etc | 2000. |
| 300 ## - PHYSICAL DESCRIPTION | |
| Extent | 188 p. : |
| Other physical details | ill. ; |
| Dimensions | 19 cm. |
| 336 ## - CONTENT TYPE | |
| Content Type Term | text |
| 337 ## - MEDIA TYPE | |
| Media Type Term | unmediated |
| 338 ## - CARRIER TYPE | |
| Carrier Type Term | volume |
| 630 00 - SUBJECT ADDED ENTRY--UNIFORM TITLE | |
| Uniform title | Bible |
| Form subdivision | Quotations. |
| 650 #0 - SUBJECT ADDED ENTRY--TOPICAL TERM | |
| Topical term or geographic name as entry element | Athletes |
| Form subdivision | Prayers and devotions. |
| 650 #0 - SUBJECT ADDED ENTRY--TOPICAL TERM | |
| Topical term or geographic name as entry element | Sports spectators |
| Form subdivision | Prayers and devotions. |
| 906 ## - LOCAL DATA ELEMENT F, LDF (RLIN) | |
| a | 7 |
| b | cbc |
| c | orignew |
| d | 1 |
| e | ocip |
| f | 19 |
| g | y-gencatlg |
| 942 ## - ADDED ENTRY ELEMENTS (KOHA) | |
| Source of classification or shelving scheme | Library of Congress Classification |
| Item type | Books |
| Withdrawn status | Lost status | Source of classification or shelving scheme | Damaged status | Not for loan | Home library | Current library | Shelving location | Date acquired | Inventory number | Total Checkouts | Full call number | Barcode | Date last seen | Price effective from | Koha item type |
|---|---|---|---|---|---|---|---|---|---|---|---|---|---|---|---|
| Library of Congress Classification | BSOP Library | BSOP Library | GC | 01/27/2021 | 46109 | BV4596.A8 W64 2000 | 00057045 | 01/27/2021 | 01/27/2021 | Books | |||||
| Library of Congress Classification | BSOP Library | BSOP Library | GC | 02/08/2021 | 46120 | BV4596.A8 W64 2000 c.2 | 00057056 | 02/08/2021 | 02/08/2021 | Books |
